000 01764cam a2200397 a 4500
999 _c9992
_d9992
001 194465
003 OSt
005 20191220095201.0
008 981127s1998 ii b b 001 0 eng
010 _a 98909087
020 _a8170226945
025 _aI-E-98-909087; 49-13
037 _bLibrary of Congress -- New Delhi Field Office
_cRs450.00
040 _coclc
042 _alcode
043 _aa-ii---
082 _a363.700954
_bSHA/S
100 _9607
_aChattopadhyay, Srikumar
245 0 0 _aSustainable development :
_bissues and case studies /
_c Srikumar Chattopadhyay ; H S Sharma
260 _aNew Delhi :
_bPublished for Commission on Sustainable Development, National Association of Geographers, India by Concept Pub. Co.,
_c1998.
300 _a307p
504 _aIncludes bibliographical references and index.
520 _aCase study of Kerala, Karnataka, and West Bengal, India.
650 0 _aSustainable development
_zIndia
_zKerala
_xCase studies.
650 0 _aEconomic development
_xEnvironmental aspects
_zIndia
_zKerala
_xCase studies.
650 0 _aSustainable development
_zIndia
_zKarnataka
_xCase studies.
650 0 _aEconomic development
_xEnvironmental aspects
_zIndia
_zKarnataka
_xCase studies.
650 0 _aSustainable development
_zIndia
_zWest Bengal
_xCase studies.
650 0 _aEconomic development
_xEnvironmental aspects
_zIndia
_zWest Bengal
_xCase studies.
700 1 _aChattopadhyay, Srikumar.
700 1 _aSharma, H. S.
_q(Hari Shanker),
_d1945-
710 2 _aNational Association of Geographers, India.
906 _a7
_bcbc
_corigode
_d3
_encip
_f19
_gy-gencatlg
942 _2ddc
_cBK
_h363.700954
_iSHA/S
_k363.700954
_mSHA/S